[Event "GRE-chT 43rd"]
[Site "Porto Rio"]
[Date "2015.10.12"]
[Round "7.13"]
[White "Adamopoulos, Ioannis"]
[Black "Kazantzidis, Ilias"]
[Result "0-1"]
[WhiteElo "2029"]
[BlackElo "2112"]
[PlyCount "90"]
[EventDate "2015.10.08"]
[EventType "team-swiss"]
[EventRounds "7"]
[EventCountry "GRE"]
[SourceTitle "CBM 168 Extra"]
[Source "ChessBase"]
[SourceDate "2015.10.29"]
[SourceVersion "1"]
[SourceVersionDate "2015.10.29"]
[SourceQuality "1"]
[WhiteTeam "Kalamata"]
[BlackTeam "Kavalas OFS"]
[WhiteTeamCountry "GRE"]
[BlackTeamCountry "GRE"]

1. d4 d5 2. c4 e6 3. Nf3 Be7 4. Nc3 Nf6 5. Bg5 0-0 6. e3 h6 7. Bh4 a6 8. a4 Ne4 9. Bxe7 Qxe7 10. Bd3 Nxc3 11. bxc3 c5 12. 0-0 Nc6 13. Rc1 Rb8 14. Qe2 Bd7 15. cxd5 exd5 16. e4 dxe4 17. Bxe4 Rfe8 18. Rfe1 cxd4 19. Nxd4 Nxd4 20. cxd4 Bxa4 21. Bh7+ Kf8 22. Qd2 Qd6 23. Rxe8+ Rxe8 24. Bc2 Bxc2 25. Qxc2 Qxd4 26. h3 Kg8 27. Rd1 Qe4 28. Qc7 Qc6 29. Qxc6 bxc6 30. Ra1 Ra8 31. Rc1 Rc8 32. Ra1 Ra8 33. Rc1 a5 34. Rxc6 a4 35. Rc2 a3 36. Ra2 f5 37. Kf1 Kf7 38. Ke2 Ke6 39. f4 Kd5 40. Kd3 g6 41. g4 h5 42. gxh5 gxh5 43. h4 Ra7 44. Kc3 Ke4 45. Kb3 Kxf4 0-1

[Event "GRE-chT 43rd"]
[Site "Porto Rio"]
[Date "2015.10.11"]
[Round "6.15"]
[White "Minas, Ioannis"]
[Black "Adamopoulos, Ioannis"]
[Result "0-1"]
[WhiteElo "2029"]
[BlackElo "2029"]
[PlyCount "120"]
[EventDate "2015.10.08"]
[EventType "team-swiss"]
[EventRounds "7"]
[EventCountry "GRE"]
[SourceTitle "CBM 168 Extra"]
[Source "ChessBase"]
[SourceDate "2015.10.29"]
[SourceVersion "1"]
[SourceVersionDate "2015.10.29"]
[SourceQuality "1"]
[WhiteTeam "Thinalios"]
[BlackTeam "Kalamata"]
[WhiteTeamCountry "GRE"]
[BlackTeamCountry "GRE"]

1. e4 e5 2. Nc3 Nf6 3. Bc4 Bc5 4. f4 d6 5. Nf3 Nc6 6. d3 Bg4 7. Bb5 a6 8. Bxc6+ bxc6 9. fxe5 dxe5 10. Qe2 Nh5 11. Nd1 0-0 12. Be3 Qe7 13. Bxc5 Qxc5 14. Qf2 Qe7 15. Ne3 f5 16. exf5 Bxf5 17. 0-0 Bg6 18. Qh4 Qd6 19. g3 Rae8 20. Ng5 Nf6 21. Qc4+ Kh8 22. Rae1 h6 23. Ne4 Nxe4 24. dxe4 Qd4 25. c3 Rxf1+ 26. Qxf1 Qxe4 27. Qxa6 Rf8 28. Qc4 Qd3 29. Qxd3 Bxd3 30. b4 Ra8 31. Rd1 e4 32. Rd2 Ra3 33. Nd1 Bc4 34. Kf2 Bxa2 35. Ke3 Bb1 36. Kd4 Ra8 37. Kc5 Ra6 38. Rd7 Ra2 39. Rxc7 Rd2 40. Ne3 Rd3 41. c4 Rxe3 42. Rxc6 Rb3 43. b5 e3 44. Re6 Bf5 45. Re8+ Kh7 46. b6 Bg4 47. Kc6 Bf3+ 48. Kc7 e2 49. c5 Rb1 50. Rxe2 Bxe2 51. b7 Kg6 52. b8Q Rxb8 53. Kxb8 Bf3 54. Kc7 Kh5 55. Kd6 Kg4 56. Ke5 Kh3 57. Kf5 Kxh2 58. c6 Bxc6 59. g4 Bd7+ 60. Kg6 Bxg4 0-1

[Event "GRE-chT 43rd"]
[Site "Porto Rio"]
[Date "2015.10.09"]
[Round "3.15"]
[White "Adamopoulos, Ioannis"]
[Black "Mourelatos, Ilias"]
[Result "0-1"]
[WhiteElo "2029"]
[BlackElo "2128"]
[PlyCount "78"]
[EventDate "2015.10.08"]
[EventType "team-swiss"]
[EventRounds "7"]
[EventCountry "GRE"]
[SourceTitle "CBM 168 Extra"]
[Source "ChessBase"]
[SourceDate "2015.10.29"]
[SourceVersion "1"]
[SourceVersionDate "2015.10.29"]
[SourceQuality "1"]
[WhiteTeam "Kalamata"]
[BlackTeam "Kalamarias Han"]
[WhiteTeamCountry "GRE"]
[BlackTeamCountry "GRE"]

1. d4 Nf6 2. c4 e6 3. Nf3 Bb4+ 4. Bd2 Qe7 5. Nc3 b6 6. g3 Bb7 7. Bg2 0-0 8. 0-0 a5 9. a3 Bxc3 10. Bxc3 a4 11. Nd2 Bxg2 12. Kxg2 d6 13. e4 e5 14. d5 Nbd7 15. h3 Nc5 16. Qe2 h6 17. Rae1 Rae8 18. Bb4 Nfd7 19. g4 Qg5 20. Nf3 Qe7 21. Nd2 Kh7 22. Qe3 Rh8 23. Rh1 Nf8 24. Bxc5 bxc5 25. Nf1 Ng6 26. Ng3 Rb8 27. Nf5 Qd8 28. Qd2 Nf4+ 29. Kg3 g6 30. Ne3 Rb3 31. f3 Nd3 32. Rb1 Qg5 33. Nf1 Rhb8 34. Qxg5 hxg5 35. h4 gxh4+ 36. Rxh4+ Kg7 37. Ne3 Nxb2 38. g5 Rxe3 39. Rbh1 Rg8 0-1

[Event "GRE-chT 43rd"]
[Site "Porto Rio"]
[Date "2015.10.08"]
[Round "1.14"]
[White "Adamopoulos, Ioannis"]
[Black "Papasimakopoulos, Alexandros"]
[Result "0-1"]
[WhiteElo "2029"]
[BlackElo "2199"]
[PlyCount "96"]
[EventDate "2015.10.08"]
[EventType "team-swiss"]
[EventRounds "7"]
[EventCountry "GRE"]
[SourceTitle "CBM 168 Extra"]
[Source "ChessBase"]
[SourceDate "2015.10.29"]
[SourceVersion "1"]
[SourceVersionDate "2015.10.29"]
[SourceQuality "1"]
[WhiteTeam "Kalamata"]
[BlackTeam "Papagou"]
[WhiteTeamCountry "GRE"]
[BlackTeamCountry "GRE"]

1. d4 Nf6 2. c4 e6 3. Nc3 Bb4 4. Nf3 c5 5. g3 cxd4 6. Nxd4 0-0 7. Bg2 d5 8. cxd5 Nxd5 9. Bd2 Bxc3 10. Bxc3 Nxc3 11. bxc3 e5 12. Nb3 Qc7 13. 0-0 Be6 14. Qc2 Nd7 15. Rfd1 Rac8 16. Rac1 Rfd8 17. Qb2 b6 18. Qa3 Nf6 19. Rxd8+ Rxd8 20. e3 h5 21. c4 Rc8 22. Bd5 Bh3 23. e4 Qd7 24. f3 Nxd5 25. cxd5 Rxc1+ 26. Qxc1 Qb5 27. Kf2 a5 28. Nd2 Qb4 29. Nf1 Qd4+ 30. Ne3 Bd7 31. Qc4 Qa1 32. Qc2 Qh1 33. Nf1 Bh3 34. Qe2 Bxf1 35. Qxf1 Qxh2+ 36. Ke3 Qb2 37. Qa6 Qa3+ 38. Kf2 Qxa2+ 39. Kg1 Qb1+ 40. Kh2 Qc2+ 41. Kh3 a4 42. Qxb6 Qd1 43. Qb8+ Kh7 44. Kh2 Qe2+ 45. Kh3 Qxf3 46. Kh2 Qe2+ 47. Kh3 Qxe4 48. d6 Qh1# 0-1

[Event "Rethymno op 5th"]
[Site "Rethymno"]
[Date "2013.08.03"]
[Round "8"]
[White "Lekic, Dusan"]
[Black "Adamopoulos, Ioannis"]
[Result "1-0"]
[WhiteElo "2430"]
[BlackElo "2039"]
[PlyCount "79"]
[EventDate "2013.07.28"]
[EventType "swiss"]
[EventRounds "9"]
[EventCountry "GRE"]
[SourceTitle "CBM 155 Extra"]
[Source "ChessBase"]
[SourceDate "2013.08.26"]
[SourceVersion "1"]
[SourceVersionDate "2013.08.26"]
[SourceQuality "1"]

1. d4 d5 2. c4 e6 3. Nf3 Nf6 4. g3 dxc4 5. Bg2 Bb4+ 6. Bd2 a5 7. Qc2 Bxd2+ 8. Qxd2 c6 9. a4 b5 10. Na3 Bd7 11. Ne5 Ra7 12. 0-0 0-0 13. g4 Qc7 14. g5 Nd5 15. e4 Ne7 16. f4 Na6 17. Rf3 Ng6 18. Ng4 c5 19. Nxb5 Bxb5 20. axb5 Nb4 21. f5 exf5 22. exf5 Nh4 23. Rh3 Nxf5 24. Be4 Qd7 25. Rf1 Qxd4+ 26. Qxd4 Nxd4 27. Bxh7+ Kh8 28. Bd3+ Kg8 29. Bxc4 Re7 30. g6 Ne6 31. Ne5 Ng5 32. gxf7+ Rfxf7 33. Bxf7+ Nxf7 34. Nxf7 Rxf7 35. Rxf7 Kxf7 36. b6 Na6 37. b7 Ke7 38. Rg3 Kd7 39. Rxg7+ Kc6 40. Kf2 1-0